000 00359nam a22001577a 4500
003 MACL
005 20160116145411.0
008 160116b xxu||||| |||| 00| 0 eng d
040 _cMACL
041 _aEnglish
082 _a300
245 _aThe Jesus Of Asian Women
260 _aNew Delhi
_bLogos Press
_c2010
650 _aSocial
_932911
942 _2ddc
_cBK
999 _c52649
_d52649